| 000 | 00609 a2200205 4500 | ||
|---|---|---|---|
| 001 | 63214 | ||
| 005 | 20260407155928.0 | ||
| 008 | 260407a1970 arg spa d | ||
| 003 | AR-UNSa-BCEJYS | ||
| 040 |
_aAR-UNSa-BCEJYS _bspa _cAR-UNSa-BCEJYS |
||
| 080 |
_a510 _xConsideraciones fundamentales y generales de las matemáticas |
||
| 245 | 1 | 0 |
_aNúmeros y figuras _pMatemáticas para todos |
| 264 | 1 |
_aMadrid : _bAlianza Editorial _c1970 |
|
| 300 |
_a302 p. _c18 cm. |
||
| 041 | _aspa | ||
| 942 | _cBK | ||
| 590 | _aniveau_biblio:m niveau_hierar:0 | ||
| 100 | 1 | _aRademacher, Hans | |
| 700 | 1 | _aToeplitz, Otto | |
| 999 |
_c8055 _d8055 |
||